|
|
|
|
| LEADER |
01304ppm a22003018a 4500 |
| 001 |
00039909 |
| 008 |
170703s2017 ||||||viesd |
| 005 |
20171026081025.0 |
| 041 |
0 |
# |
|a vie
|
| 082 |
1 |
4 |
|b R203L
|a 512
|
| 100 |
1 |
# |
|a Phạm, Phùng Khánh Tú
|
| 245 |
0 |
0 |
|a Rèn luyện kỹ năng tự học cho học sinh THCS thông qua dạy học đại số 9
|b Luận văn thạc sĩ Khoa học giáo dục. Chuyên ngành: Lý luận và Phương pháp dạy học Bộ môn Toán. Mã số: 60140111
|c Phạm Phùng Khánh Tú; Võ Thành Phước (hướng dẫn)
|
| 260 |
# |
# |
|a Đồng Tháp
|b Đại học Đồng Tháp
|c 2017
|
| 300 |
# |
# |
|a 147 tr.+ phụ lục
|c 30cm.
|e 1 bản tóm tắt
|
| 500 |
# |
# |
|a ĐTTS ghi: Bộ giáo dục và đào tạo. Trường Đại học Đồng Tháp
|
| 653 |
# |
# |
|a Học sinh
|
| 653 |
# |
# |
|a Luận văn
|
| 653 |
# |
# |
|a Đại số
|
| 653 |
# |
# |
|a Tự học
|
| 653 |
# |
# |
|a Trung học cơ sở
|
| 700 |
1 |
# |
|a Võ, Thành Phước
|e Hướng dẫn
|
| 852 |
# |
# |
|j LV.0001242
|j LV.0001638
|
| 852 |
# |
# |
|b Kho đọc SĐH
|j LV.0001242
|
| 910 |
|
|
|d 03/07/2017
|
| 980 |
# |
# |
|a Trung tâm Học liệu Lê Vũ Hùng, Trường Đại học Đồng Tháp
|